UBT Library

Developmental-behavioral pediatrics / (Record no. 47285)

000 -LEADER
fixed length control field 00813pam a2200241 a 4500
001 - CONTROL NUMBER
control field 2614369
005 - DATE AND TIME OF LATEST TRANSACTION
control field 20180823082807.0
008 - FIXED-LENGTH DATA ELEMENTS--GENERAL INFORMATION
fixed length control field 980210s1999 paua b 001 0 eng c
010 ## - LIBRARY OF CONGRESS CONTROL NUMBER
LC control number 98012901
020 ## - INTERNATIONAL STANDARD BOOK NUMBER
International Standard Book Number 0721671543 (alk. paper)
040 ## - CATALOGING SOURCE
Original cataloging agency DNLM/DLC
Transcribing agency DLC
Modifying agency DLC
041 ## - LANGUAGE CODE
Language code of text/sound track or separate title eng
060 10 - NATIONAL LIBRARY OF MEDICINE CALL NUMBER
Classification number WS 105 D48912 1999
080 ## - UNIVERSAL DECIMAL CLASSIFICATION NUMBER
Universal Decimal Classification number 618.928
082 00 - DEWEY DECIMAL CLASSIFICATION NUMBER
Classification number 618.928
Edition number 21
100 ## - Rafti
Rafti 8
101 ## - Shkurtesa
Shkurtesa PED
245 00 - TITLE STATEMENT
Title Developmental-behavioral pediatrics /
Statement of responsibility, etc [edited by] Melvin D. Levine, William B. Carey, Allen C. Crocker.
504 ## - BIBLIOGRAPHY, ETC. NOTE
Bibliography, etc Includes bibliographical references and index.
906 ## - LOCAL DATA ELEMENT F, LDF (RLIN)
a 7
b cbc
c orignew
d 1
e ocip
f 19
g y-gencatlg
942 ## - ADDED ENTRY ELEMENTS (KOHA)
Source of classification or shelving scheme
Item type Books
Holdings
Withdrawn status Lost status Source of classification or shelving scheme Damaged status Not for loan Collection code Permanent location Current location Shelving location Date acquired Total Checkouts Full call number Barcode Date last seen Price effective from Koha item type
          Koleksioni i përgjithshem UBT - Lipjan UBT - Lipjan Koleksioni i përgjithshem 08/23/2018   618.928 LEV 002-3012152 08/23/2018 08/23/2018 Books
UBT Library © 2015-2024. All rights reserved University Education for Business and Technology